R K Bangia's Consumer Protection Laws/ (Record no. 1715407)

MARC details
000 -LEADER
fixed length control field 01109nam a22003257a 4500
005 - DATE AND TIME OF LATEST TRANSACTION
control field 20260313160049.0
008 - FIXED-LENGTH DATA ELEMENTS--GENERAL INFORMATION
fixed length control field 260313b |||||||| |||| 00| 0 eng d
020 ## - INTERNATIONAL STANDARD BOOK NUMBER
International Standard Book Number 9789348002563
037 ## - SOURCE OF ACQUISITION
Terms of availability LCT
040 ## - CATALOGING SOURCE
Original cataloging agency LCT
Transcribing agency LCT
041 ## - LANGUAGE CODE
Language code of text/sound track or separate title eng
Language code of original eng
084 ## - COLON CLASSIFICATION NUMBER
Classification number X:321:(Z) R5
100 ## - MAIN ENTRY--PERSONAL NAME
Personal name Bangia, R K
9 (RLIN) 1132054
245 ## - TITLE STATEMENT
Title R K Bangia's Consumer Protection Laws/
250 ## - EDITION STATEMENT
Edition statement 10th ed.
260 ## - PUBLICATION, DISTRIBUTION, ETC.
Place of publication, distribution, etc. Faridabad, India:
Name of publisher, distributor, etc. Allahabad Law Agency,
Date of publication, distribution, etc. 2025
300 ## - PHYSICAL DESCRIPTION
Extent xxviii, 408p.
365 ## - TRADE PRICE
Price amount 525
Currency code INR
650 ## - SUBJECT ADDED ENTRY--TOPICAL TERM
Topical term or geographic name entry element Consumer Protection
9 (RLIN) 301299
650 ## - SUBJECT ADDED ENTRY--TOPICAL TERM
Topical term or geographic name entry element Consumer Protection Act 2019
9 (RLIN) 1132055
650 ## - SUBJECT ADDED ENTRY--TOPICAL TERM
Topical term or geographic name entry element Motor Vehicle Act, 1988
9 (RLIN) 1132056
650 ## - SUBJECT ADDED ENTRY--TOPICAL TERM
Topical term or geographic name entry element Competition Act, 2002
9 (RLIN) 751510
650 ## - SUBJECT ADDED ENTRY--TOPICAL TERM
Topical term or geographic name entry element law
650 ## - SUBJECT ADDED ENTRY--TOPICAL TERM
Topical term or geographic name entry element Competition Act
9 (RLIN) 700891
650 ## - SUBJECT ADDED ENTRY--TOPICAL TERM
Topical term or geographic name entry element Consumer Rights
9 (RLIN) 735011
650 ## - SUBJECT ADDED ENTRY--TOPICAL TERM
Topical term or geographic name entry element E-commerce
9 (RLIN) 854539
700 ## - ADDED ENTRY--PERSONAL NAME
Personal name Raghuvanshi, S. K.
9 (RLIN) 1131521
942 ## - ADDED ENTRY ELEMENTS (KOHA)
Source of classification or shelving scheme Colon Classification (CC)
Koha item type Textbook
Classification part X:321:(Z) R5
Suppress in OPAC No
Holdings
Withdrawn status Lost status Source of classification or shelving scheme Damaged status Not for loan Collection Home library Current library Shelving location Date acquired Source of acquisition Cost, normal purchase price Inventory number Total Checkouts Full call number Barcode Date last seen Price effective from Koha item type
    Colon Classification (CC)     Non-fiction Law Centre-II Library Law Centre-II Library General Stacks 2025-12-08 Bookwell Publication 525.00 580/08.12.2025   X:321:(Z) R5 LT0029304 2026-03-13 2026-03-13 Textbook
    Colon Classification (CC)     Non-fiction Law Centre-II Library Law Centre-II Library General Stacks 2025-12-08 Bookwell Publication 525.00 580/08.12.2025   X:321:(Z) R5 LT0029305 2026-03-13 2026-03-13 Textbook
    Colon Classification (CC)     Non-fiction Law Centre-II Library Law Centre-II Library General Stacks 2025-12-08 Bookwell Publication 525.00 580/08.12.2025   X:321:(Z) R5 LT0029306 2026-03-13 2026-03-13 Textbook
    Colon Classification (CC)     Non-fiction Law Centre-II Library Law Centre-II Library General Stacks 2025-12-08 Bookwell Publication 525.00 580/08.12.2025   X:321:(Z) R5 LT0029307 2026-03-13 2026-03-13 Textbook
    Colon Classification (CC)     Non-fiction Law Centre-II Library Law Centre-II Library General Stacks 2025-12-08 Bookwell Publication 525.00 580/08.12.2025   X:321:(Z) R5 LT0029308 2026-03-13 2026-03-13 Textbook
Copyright @ Delhi University Library System